00542cam a22002171 4500001001300000003000400013005001700017008004100034010001700075025001800092035002000110040002100130042001200151050002000163100002500183245001900208260001100227300005500238500001400293999001700307sa 67004650 DLC20260227112349.0940823s1966 ii 000 1 orio  asa 67004650  aPL480:I-O-720 a(OCoLC)30996215 aDLCcCUdCUdDLC apremarc00aPK2579.M284bA81 aMahanti, Brajamohan.10aAmbāpallī. c[1966] a2, 3, 128 p. (p. [127]-128 advertisements)c19 cm. aIn Oriya. c74656d74656